| 000 | 00463cam a2200193ua 4500 | ||
|---|---|---|---|
| 001 | 1333 | ||
| 005 | 20260515113322.0 | ||
| 008 | 110702n ii |||gr||||Z||||||asm | ||
| 040 | _cMAIN | ||
| 082 | _a361 | ||
| 100 | 1 | _aSaikia, Jyotiprasad., | |
| 245 | 1 |
_aSamajik kalyan. _cBy Jyotiprasad saikia. |
|
| 250 | _a1st. | ||
| 260 |
_aDibrugarh.: _bBanalata., _c2005. |
||
| 300 |
_a220 p.: _c20 cm. |
||
| 653 | _aSociology. | ||
| 653 | _aSamajik Kalyan. | ||
| 942 | _cBK | ||
| 999 |
_c1232 _d1232 |
||